| 000 | 00973pam a2200277 i 4500 | ||
|---|---|---|---|
| 001 | 016171915 | ||
| 003 | OSt | ||
| 005 | 20140112140038.0 | ||
| 008 | 120914t2013 xxkae frb f001 0 eng c | ||
| 020 | _a9780199691937 (pbk.) | ||
| 020 | _a0199691932 (pbk.) | ||
| 040 |
_aStDuBDS _beng _cStDuBDS _dUkCU _erda _dUk |
||
| 082 | 0 | 4 |
_a658.4038 _222 _bHIS |
| 100 | 1 |
_aHislop, Donald, _d1966- _934813 |
|
| 245 | 1 | 0 |
_aKnowledge management in organizations : _ba critical introduction / _cDonald Hislop. |
| 250 | _a3rd ed. | ||
| 260 |
_aOxford, United Kingdom : _bOxford University Press, _cc.2013 _e(Gosport, United Kingdom : _fAshford Colour Press Ltd.) |
||
| 300 |
_axx, 284 p. : _bplans, tables ; _c25 cm. |
||
| 500 | _aIndex : p. 279-284. | ||
| 504 | _aBibliography : p. 259-277. | ||
| 650 | 0 |
_aKnowledge management _912057 |
|
| 653 |
_cJanuary2014 _bBus |
||
| 655 |
_vreading book _934232 |
||
| 690 | 7 |
_aManagement and Business Studies _2blcoll |
|
| 942 |
_2ddc _cBB _k658.4038 HIS |
||
| 999 |
_c17912 _d17884 |
||